| 000 | 00945nam a22003015i 4500 | ||
|---|---|---|---|
| 001 | 18638 | ||
| 003 | ES-MaACL | ||
| 005 | 20231221153652.0 | ||
| 007 | t| | ||
| 008 | 020218s1992 sp ||||0| spa j | ||
| 020 | _a84-7209-248-8 | ||
| 040 |
_aM-BN _bspa _cM-BN |
||
| 080 | _a297:32 | ||
| 080 | _a327(5/6=927:4) | ||
| 080 | _a327(4:5/6=927) | ||
| 245 | 0 | 3 |
_aEl fundamentalismo islámico / _cJosé María Aznar ... [et al.]. |
| 260 |
_aMadrid : _bFundación Cánovas del Castillo, _c[1992] |
||
| 300 |
_a206 p ; _c21 cm. |
||
| 490 | 1 | _aVeintiuno | |
| 650 | 4 |
_aIntegrismo musulmán. _913844 |
|
| 651 | 4 |
_aPaíses árabes- _xRelaciones- _zEuropa. _99165 |
|
| 651 | 4 |
_aEuropa- _xRelaciones- _zPaíses árabes. _98631 |
|
| 700 | 1 |
_aAznar, José María, _d1953- _924301 |
|
| 710 | 2 |
_aFundación Cánovas del Castillo. _94244 |
|
| 830 | 0 |
_aVeintiuno _9180481 |
|
| 852 |
_aES-MaACL _jL-25213 _bR.130743 |
||
| 999 |
_c18638 _d18638 |
||